[Event "PMPJ 2022 - C13"]
[Site "Jastrzebia Gora"]
[Date "2022.11.12"]
[Round "4.2"]
[White "Jaszczuk, Piotr"]
[Black "Zielonka, Adam"]
[Result "1-0"]
[BlackElo "2058"]
[WhiteElo "1512"]
[LiveChessVersion "1.4.4"]

1. e4 {[%clk 1:30:58]} c5 {[%clk 1:30:56]} 2. Nf3 {[%clk 1:31:19]} e6
{[%clk 1:31:23]} 3. d4 {[%clk 1:31:42]} cxd4 {[%clk 1:31:49]} 4. Nxd4
{[%clk 1:32:06]} Nc6 {[%clk 1:32:16]} 5. Nc3 {[%clk 1:31:31]} a6 {[%clk 1:32:41]}
6. a3 {[%clk 1:30:17]} d6 {[%clk 1:31:59]} 7. Be3 {[%clk 1:29:58]} Nf6
{[%clk 1:32:17]} 8. Bd3 {[%clk 1:28:47]} d5 {[%clk 1:31:55]} 9. O-O
{[%clk 1:18:46]} Qc7 {[%clk 1:30:32]} 10. exd5 {[%clk 1:10:59]} exd5
{[%clk 1:30:33]} 11. Re1 {[%clk 1:10:10]} Be7 {[%clk 1:27:05]} 12. Bf5
{[%clk 0:57:33]} Nxd4 {[%clk 1:24:58]} 13. Bxd4 {[%clk 0:50:24]} O-O
{[%clk 1:24:21]} 14. Qf3 {[%clk 0:33:25]} Rd8 {[%clk 1:19:52]} 15. Rad1
{[%clk 0:32:33]} Bxf5 {[%clk 1:14:53]} 16. Qxf5 {[%clk 0:32:54]} Qd7
{[%clk 1:14:55]} 17. Qxd7 {[%clk 0:31:38]} Rxd7 {[%clk 1:15:24]} 18. Bxf6
{[%clk 0:31:11]} Bxf6 {[%clk 1:15:52]} 19. Nxd5 {[%clk 0:31:22]} Rad8
{[%clk 1:15:55]} 20. Nxf6+ {[%clk 0:31:14]} gxf6 {[%clk 1:16:23]} 21. Rxd7
{[%clk 0:31:30]} Rxd7 {[%clk 1:16:51]} 22. Kf1 {[%clk 0:31:42]} Rd2
{[%clk 1:17:11]} 23. Rc1 {[%clk 0:32:04]} Kf8 {[%clk 1:17:20]} 24. Ke1
{[%clk 0:32:06]} Rd5 {[%clk 1:17:42]} 25. Rd1 {[%clk 0:32:12]} Rb5
{[%clk 1:16:44]} 26. b3 {[%clk 0:31:31]} Ke7 {[%clk 1:16:10]} 27. Rd3
{[%clk 0:31:22]} h5 {[%clk 1:15:14]} 28. Kd2 {[%clk 0:31:15]} Ke6
{[%clk 1:11:54]} 29. c4 {[%clk 0:28:44]} Rf5 {[%clk 1:11:47]} 30. Re3+
{[%clk 0:29:01]} Kd7 {[%clk 1:11:36]} 31. Rf3 {[%clk 0:29:06]} Rg5
{[%clk 1:11:19]} 32. g3 {[%clk 0:29:02]} Ke6 {[%clk 1:11:21]} 33. h4
{[%clk 0:28:46]} Rg4 {[%clk 1:10:48]} 34. Ke3 {[%clk 0:28:37]} f5
{[%clk 1:10:41]} 35. Rf4 {[%clk 0:28:40]} Rg8 {[%clk 1:11:06]} 36. Rd4
{[%clk 0:27:51]} b6 {[%clk 1:10:48]} 37. b4 {[%clk 0:26:32]} Rc8 {[%clk 1:10:21]}
38. Kd3 {[%clk 0:26:01]} f6 {[%clk 1:08:19]} 39. a4 {[%clk 0:24:39]} Rb8
{[%clk 1:07:12]} 40. Rd5 {[%clk 0:23:52]} Rb7 {[%clk 1:06:18]} 41. Kd4
{[%clk 0:23:23]} Rb8 {[%clk 1:06:42]} 42. Kc3 {[%clk 0:17:51]} Rc8
{[%clk 1:05:25]} 43. a5 {[%clk 0:17:34]} bxa5 {[%clk 1:05:53]} 44. Rxa5
{[%clk 0:17:37]} Rc6 {[%clk 1:06:22]} 45. f4 {[%clk 0:16:37]} Kd7
{[%clk 1:05:22]} 46. Rxf5 {[%clk 0:16:55]} 1-0

[Event "PMPJ 2022 - C13"]
[Site "Jastrzebia Gora"]
[Date "2022.11.12"]
[Round "4.3"]
[White "Nocek, Dominik"]
[Black "Grobelny, Mikolaj"]
[Result "1-0"]
[BlackElo "1493"]
[WhiteElo "1605"]
[LiveChessVersion "1.4.4"]

1. e4 d5 {[%clk 1:30:54]} 2. exd5 {[%clk 1:30:52]} Qxd5 {[%clk 1:31:17]} 3. Nc3
{[%clk 1:31:10]} Qa5 {[%clk 1:31:27]} 4. d4 {[%clk 1:30:45]} Nf6 {[%clk 1:31:42]}
5. Bc4 {[%clk 1:28:18]} Bf5 {[%clk 1:30:03]} 6. Nf3 {[%clk 1:27:02]} c6
{[%clk 1:29:02]} 7. Bd2 {[%clk 1:19:50]} Qc7 {[%clk 1:27:46]} 8. Qe2
{[%clk 1:15:52]} e6 {[%clk 1:26:01]} 9. Bb3 {[%clk 1:08:21]} Be7 {[%clk 1:24:17]}
10. O-O {[%clk 1:03:42]} O-O {[%clk 1:21:18]} 11. Rad1 {[%clk 1:01:58]} Re8
{[%clk 1:17:20]} 12. h3 {[%clk 0:58:23]} Nbd7 {[%clk 1:14:13]} 13. Nh4
{[%clk 0:53:22]} Bg6 {[%clk 1:10:56]} 14. Nxg6 {[%clk 0:52:50]} hxg6
{[%clk 1:10:50]} 15. Qf3 {[%clk 0:49:41]} Nd5 {[%clk 1:07:44]} 16. Ne4
{[%clk 0:47:10]} b5 {[%clk 1:02:45]} 17. Rfe1 {[%clk 0:42:49]} N7b6
{[%clk 0:57:53]} 18. Bg5 {[%clk 0:36:53]} f5 {[%clk 0:53:46]} 19. Bxe7
{[%clk 0:29:27]} fxe4 {[%clk 0:53:44]} 20. Qxe4 {[%clk 0:28:19]} Qxe7
{[%clk 0:52:40]} 21. Qxg6 {[%clk 0:27:36]} Qf6 {[%clk 0:51:49]} 22. Qg3
{[%clk 0:26:06]} a5 {[%clk 0:41:38]} 23. c3 {[%clk 0:25:44]} Rad8
{[%clk 0:31:40]} 24. Bc2 {[%clk 0:19:04]} Re7 {[%clk 0:25:47]} 25. Re4
{[%clk 0:17:23]} Nc4 {[%clk 0:25:03]} 26. Rh4 {[%clk 0:11:01]} g5
{[%clk 0:18:04]} 27. Rg4 {[%clk 0:10:49]} Rg7 {[%clk 0:17:48]} 28. b3
{[%clk 0:08:59]} Nf4 {[%clk 0:15:03]} 29. Re1 {[%clk 0:08:41]} Nd6
{[%clk 0:13:08]} 30. h4 {[%clk 0:07:54]} Nf7 {[%clk 0:09:24]} 31. hxg5
{[%clk 0:06:53]} Nxg5 {[%clk 0:09:26]} 32. Re5 {[%clk 0:03:40]} Rd5
{[%clk 0:07:48]} 33. Kf1 {[%clk 0:02:47]} Nf7 {[%clk 0:03:54]} 34. Rxf4
{[%clk 0:01:57]} Nxe5 {[%clk 0:03:01]} 35. Rxf6 {[%clk 0:02:06]} Rxg3
{[%clk 0:03:08]} 36. fxg3 {[%clk 0:02:34]} Nd7 {[%clk 0:02:00]} 37. Rxe6
{[%clk 0:02:33]} c5 {[%clk 0:01:46]} 38. Be4 {[%clk 0:01:55]} Rg5
{[%clk 0:01:33]} 39. Rg6+ {[%clk 0:02:03]} Rxg6 {[%clk 0:01:55]} 40. Bxg6
{[%clk 0:02:31]} b4 {[%clk 0:01:11]} 41. cxb4 {[%clk 0:02:03]} axb4
{[%clk 0:01:16]} 42. Bf5 {[%clk 0:01:58]} 1-0

[Event "PMPJ 2022 - C13"]
[Site "Jastrzebia Gora"]
[Date "2022.11.12"]
[Round "4.4"]
[White "Baranowski, Jan"]
[Black "Terkiewicz, Bruno"]
[Result "1-0"]
[BlackElo "1839"]
[WhiteElo "1212"]
[LiveChessVersion "1.4.4"]

1. d4 {[%clk 1:30:57]} Nf6 {[%clk 1:30:57]} 2. c4 {[%clk 1:31:22]} e6
{[%clk 1:31:23]} 3. Nf3 {[%clk 1:31:48]} b6 {[%clk 1:31:49]} 4. g3
{[%clk 1:32:10]} Ba6 {[%clk 1:32:02]} 5. Qc2 {[%clk 1:32:33]} Bb7
{[%clk 1:32:28]} 6. Bg2 {[%clk 1:31:48]} c5 {[%clk 1:32:52]} 7. d5
{[%clk 1:32:06]} exd5 {[%clk 1:33:18]} 8. cxd5 {[%clk 1:32:31]} Nxd5
{[%clk 1:33:43]} 9. O-O {[%clk 1:32:55]} Be7 {[%clk 1:34:11]} 10. Rd1
{[%clk 1:33:07]} Nc6 {[%clk 1:34:37]} 11. a3 {[%clk 1:32:52]} Nc7
{[%clk 1:29:21]} 12. Qf5 {[%clk 1:28:59]} g6 {[%clk 1:25:01]} 13. Qf4
{[%clk 1:23:41]} Ne6 {[%clk 1:23:33]} 14. Qd2 {[%clk 1:17:55]} Qc8
{[%clk 1:22:20]} 15. Nc3 {[%clk 1:16:37]} Ncd4 {[%clk 1:21:25]} 16. Nxd4
{[%clk 1:09:34]} Nxd4 {[%clk 1:21:48]} 17. Nd5 {[%clk 1:07:29]} Bxd5
{[%clk 1:13:31]} 18. Bxd5 {[%clk 1:07:49]} O-O {[%clk 1:13:43]} 19. Bxa8
{[%clk 1:03:42]} Qxa8 {[%clk 1:14:06]} 20. Qd3 {[%clk 0:56:14]} Bf6
{[%clk 1:12:17]} 21. Be3 {[%clk 0:48:06]} Nf5 {[%clk 1:12:07]} 22. Rd2
{[%clk 0:44:53]} Re8 {[%clk 1:08:29]} 23. Bf4 Nd4 {[%clk 1:01:14]} 24. f3
{[%clk 0:24:35]} b5 {[%clk 1:00:23]} 25. Kf2 {[%clk 0:22:02]} c4 {[%clk 1:00:32]}
26. Qc3 {[%clk 0:20:54]} Nb3 {[%clk 0:53:14]} 27. Qxf6 {[%clk 0:21:07]} Re6
{[%clk 0:53:41]} 28. Qc3 {[%clk 0:19:21]} Nxa1 {[%clk 0:54:00]} 29. Bh6
{[%clk 0:19:43]} f6 {[%clk 0:54:24]} 30. Rxd7 {[%clk 0:20:09]} Qe8
{[%clk 0:53:48]} 31. Rg7+ {[%clk 0:16:15]} Kh8 {[%clk 0:54:08]} 32. e4
{[%clk 0:16:27]} Nb3 {[%clk 0:53:52]} 33. Rxa7 {[%clk 0:13:42]} Nc5
{[%clk 0:36:45]} 34. Bg7+ {[%clk 0:10:11]} Kg8 {[%clk 0:37:07]} 35. Bxf6
{[%clk 0:10:20]} Nd7 {[%clk 0:21:17]} 36. Bh8 {[%clk 0:07:40]} Ne5
{[%clk 0:18:14]} 37. Bxe5 {[%clk 0:07:36]} Rxe5 {[%clk 0:18:41]} 38. Qd4
{[%clk 0:07:34]} Re7 {[%clk 0:16:27]} 39. Rxe7 {[%clk 0:07:51]} Qxe7
{[%clk 0:16:51]} 40. Qd5+ {[%clk 0:07:46]} Kg7 {[%clk 0:17:15]} 41. Qxb5
{[%clk 0:06:08]} Qa7+ {[%clk 0:17:39]} 42. Kg2 {[%clk 0:06:24]} Qd4
{[%clk 0:18:02]} 43. Qb4 {[%clk 0:05:00]} Qd3 {[%clk 0:18:10]} 44. Qc3+
{[%clk 0:05:26]} 1-0

[Event "PMPJ 2022 - C13"]
[Site "Jastrzebia Gora"]
[Date "2022.11.12"]
[Round "4.5"]
[White "Przybylski, Jan"]
[Black "Gawlik, Olivier"]
[Result "1-0"]
[BlackElo "1386"]
[WhiteElo "1638"]
[LiveChessVersion "1.4.4"]

1. e4 c5 2. Nf3 Nc6 3. d4 cxd4 4. Nxd4 g6 5. Nc3 Bg7 6. Be3 Nf6 7. Bc4 O-O 8. Bb3
Ng4 9. Qxg4 Nxd4 10. Qd1 Nc6 11. Qd2 d6 12. h4 h5 13. O-O-O Kh7 14. f3 Ne5 15.
Rdf1 a5 16. a3 f5 17. Bg5 Bf6 18. Rd1 Bxg5 19. hxg5 Rb8 20. Qe2 b5 21. f4 Ng4 22.
e5 b4 23. Na4 Qc7 24. exd6 exd6 25. Rhe1 Kh8 26. Qe7 Qxe7 27. Rxe7 Rb7 28. Rxb7
Bxb7 29. g3 bxa3 30. bxa3 Rd8 31. Re1 Be4 32. Kb2 Kg7 33. Kc3 Rc8+ 34. Kd2 d5 35.
Nb6 Rd8 36. Ke2 Re8 37. Kd2 Rd8 38. Na4 Rc8 39. Nc3 Rd8 40. Ba4 Rb8 41. Bc6 Rb2
42. Rc1 Nf2 43. Ke3 Ng4+ 44. Kd4 Bxc2 45. Bxd5 Be4 46. Bxe4 fxe4 47. Nxe4 Rb7 48.
Rc5 Ra7 49. a4 Ra8 50. Rc7+ Kf8 51. Nf6 Nxf6 52. gxf6 Rd8+ 53. Ke4 Re8+ 54. Kf3
Re6 55. Ra7 Rxf6 56. Rxa5 Rb6 57. Rb5 Ra6 58. a5 Ke7 59. Ke4 Rc6 60. Rg5 Kf6 61.
Kd5 Rc1 62. Kd6 Rc3 63. Kd5 Rc1 64. Ke4 Re1+ 65. Kf3 Rf1+ 66. Kg2 Ra1 67. Rb5
Ra2+ 68. Kh3 Ra3 69. Rb6+ Kf5 70. a6 Ra1 71. Kg2 Ra3 72. Kf2 Ra2+ 73. Ke3 Ra3+
74. Ke2 Ra2+ 75. Kd3 Ra3+ 76. Kc2 Ra2+ 77. Kb3 Ra1 78. Kb4 Rb1+ 79. Kc5 Ra1 80.
Rd6 Ra3 81. Kb6 Rxg3 82. Rd5+ Kxf4 83. a7 Rb3+ 84. Rb5 Ra3 85. Ra5 Rb3+ 86. Ka6
1-0

[Event "PMPJ 2022 - C13"]
[Site "Jastrzebia Gora"]
[Date "2022.11.12"]
[Round "4.6"]
[White "Wasiluk, Mateusz"]
[Black "Kowalski, Witold"]
[Result "1/2-1/2"]
[BlackElo "1528"]
[WhiteElo "1477"]
[LiveChessVersion "1.4.4"]

1. e4 {[%clk 1:30:58]} c5 {[%clk 1:30:51]} 2. Nf3 {[%clk 1:31:23]} d6
{[%clk 1:31:09]} 3. Bb5+ {[%clk 1:31:47]} Nd7 {[%clk 1:31:24]} 4. Ba4
{[%clk 1:32:11]} Ngf6 {[%clk 1:31:38]} 5. O-O {[%clk 1:32:26]} e6
{[%clk 1:31:28]} 6. Re1 {[%clk 1:32:49]} Be7 {[%clk 1:31:41]} 7. c3
{[%clk 1:33:13]} a6 {[%clk 1:30:45]} 8. d4 {[%clk 1:33:21]} b5 {[%clk 1:31:00]}
9. Bc2 {[%clk 1:33:46]} O-O 10. Nbd2 {[%clk 1:34:27]} Bb7 {[%clk 1:30:28]} 11.
Nf1 {[%clk 1:33:43]} Rc8 {[%clk 1:30:42]} 12. Ng3 {[%clk 1:34:06]} Qc7
{[%clk 1:27:40]} 13. Bd3 {[%clk 1:17:52]} Rfe8 {[%clk 0:58:53]} 14. a4
{[%clk 1:17:49]} c4 {[%clk 0:58:12]} 15. Bc2 {[%clk 1:00:45]} Bf8
{[%clk 0:38:55]} 16. Bd2 {[%clk 0:53:04]} g6 {[%clk 0:31:27]} 17. h4
{[%clk 0:35:39]} h5 {[%clk 0:24:48]} 18. Ng5 {[%clk 0:20:21]} Bg7
{[%clk 0:15:30]} 19. Qe2 {[%clk 0:08:25]} Nf8 {[%clk 0:13:46]} 20. Rad1
{[%clk 0:07:46]} Rcd8 {[%clk 0:05:48]} 21. f3 Bc6 {[%clk 0:06:06]} 22. axb5
{[%clk 0:05:25]} axb5 {[%clk 0:06:04]} 23. e5 {[%clk 0:02:30]} dxe5
{[%clk 0:06:11]} 24. dxe5 {[%clk 0:01:53]} Nd5 {[%clk 0:04:28]} 25. f4
{[%clk 0:01:01]} Ne7 {[%clk 0:02:28]} 26. Be3 {[%clk 0:01:09]} Nf5
{[%clk 0:02:35]} 27. Nxf5 {[%clk 0:00:59]} exf5 {[%clk 0:00:38]} 28. Bd4
{[%clk 0:01:13]} Ne6 {[%clk 0:00:42]} 29. Nxe6 {[%clk 0:00:51]} fxe6
{[%clk 0:00:33]} 30. Bc5 Bf3 {[%clk 0:01:01]} 31. Qxf3 {[%clk 0:00:38]} Qxc5+
{[%clk 0:00:37]} 32. Qf2 {[%clk 0:01:12]} Bf8 {[%clk 0:00:56]} 33. Rxd8
{[%clk 0:00:41]} Rxd8 {[%clk 0:00:35]} 34. Rd1 {[%clk 0:00:33]} Ra8
{[%clk 0:00:33]} 35. Kf1 {[%clk 0:00:59]} Qxf2+ {[%clk 0:00:50]} 36. Kxf2
{[%clk 0:01:07]} Ra2 {[%clk 0:00:37]} 37. Rb1 {[%clk 0:01:07]} b4
{[%clk 0:00:49]} 38. cxb4 {[%clk 0:00:56]} Bxb4 {[%clk 0:00:45]} 39. Ke3
{[%clk 0:00:35]} Bc5+ {[%clk 0:00:36]} 40. Kd2 {[%clk 0:00:51]} Bb4+
{[%clk 0:00:35]} 41. Ke3 {[%clk 0:01:11]} Bc5+ {[%clk 0:00:34]} 42. Kd2
{[%clk 0:01:03]} 1/2-1/2

[Event "PMPJ 2022 - C13"]
[Site "Jastrzebia Gora"]
[Date "2022.11.12"]
[Round "4.7"]
[White "Klim, Juliusz"]
[Black "Rabenda, Piotr"]
[Result "1/2-1/2"]
[BlackElo "1381"]
[WhiteElo "1485"]
[LiveChessVersion "1.4.4"]

1. e4 {[%clk 1:30:58]} c5 {[%clk 1:30:57]} 2. Nf3 {[%clk 1:31:25]} a6
{[%clk 1:31:17]} 3. c4 {[%clk 1:31:35]} e6 {[%clk 1:31:40]} 4. d4
{[%clk 1:31:40]} cxd4 {[%clk 1:30:37]} 5. Nxd4 {[%clk 1:32:01]} Qc7
{[%clk 1:28:56]} 6. Nc3 {[%clk 1:31:52]} Bb4 {[%clk 1:29:16]} 7. Be2
{[%clk 1:31:07]} Nf6 {[%clk 1:29:33]} 8. O-O {[%clk 1:31:03]} O-O
{[%clk 1:28:57]} 9. Bg5 {[%clk 1:28:25]} Bxc3 {[%clk 1:26:41]} 10. Bxf6
{[%clk 1:28:20]} Bxb2 {[%clk 1:25:47]} 11. Nxe6 {[%clk 1:25:16]} dxe6
{[%clk 1:21:47]} 12. Bxb2 {[%clk 1:25:41]} e5 {[%clk 1:17:03]} 13. Qd5
{[%clk 1:19:05]} Nc6 {[%clk 1:15:43]} 14. Rfd1 {[%clk 1:17:14]} Be6
{[%clk 1:09:02]} 15. Qc5 {[%clk 1:15:44]} Rfd8 {[%clk 1:01:09]} 16. Rab1
{[%clk 1:10:58]} Rac8 {[%clk 0:56:16]} 17. Rxd8+ {[%clk 1:06:23]} Rxd8
{[%clk 0:47:17]} 18. Ba3 {[%clk 1:01:55]} h6 {[%clk 0:34:07]} 19. Rb2
{[%clk 0:58:13]} Qa5 {[%clk 0:28:46]} 20. Kf1 {[%clk 0:55:42]} Qxc5
{[%clk 0:25:18]} 21. Bxc5 {[%clk 0:56:09]} Na5 {[%clk 0:23:43]} 22. Rc2
{[%clk 0:50:37]} Rc8 {[%clk 0:23:10]} 23. Bd6 {[%clk 0:49:50]} Nxc4
{[%clk 0:21:40]} 24. Bxc4 {[%clk 0:45:40]} Bxc4+ {[%clk 0:20:18]} 25. Ke1
{[%clk 0:45:41]} f6 {[%clk 0:20:04]} 26. a4 Rc6 {[%clk 0:19:44]} 27. Bb4
{[%clk 0:40:03]} Bb5 {[%clk 0:17:48]} 28. Rxc6 {[%clk 0:38:56]} Bxc6
{[%clk 0:18:16]} 29. a5 {[%clk 0:38:41]} Bxe4 {[%clk 0:18:43]} 30. f3
{[%clk 0:38:18]} Bc6 {[%clk 0:19:05]} 31. Ke2 {[%clk 0:37:00]} h5
{[%clk 0:18:13]} 32. h4 {[%clk 0:32:16]} Kf7 {[%clk 0:17:49]} 33. Ke3
{[%clk 0:30:10]} Ke6 {[%clk 0:17:18]} 34. g3 {[%clk 0:27:35]} g6 {[%clk 0:16:38]}
35. Bc5 {[%clk 0:27:08]} Kf5 {[%clk 0:13:20]} 36. Be7 {[%clk 0:23:25]} g5
{[%clk 0:11:06]} 37. hxg5 {[%clk 0:21:57]} fxg5 {[%clk 0:10:52]} 38. Bd8
{[%clk 0:21:38]} e4 {[%clk 0:09:25]} 39. fxe4+ {[%clk 0:21:21]} Bxe4
{[%clk 0:09:52]} 40. g4+ {[%clk 0:14:34]} hxg4 {[%clk 0:08:05]} 41. Kf2
{[%clk 0:14:56]} Ke6 {[%clk 0:07:29]} 42. Kg3 {[%clk 0:15:10]} Kd7
{[%clk 0:07:49]} 43. Bb6 {[%clk 0:15:35]} Bf3 {[%clk 0:08:07]} 44. Kf2
{[%clk 0:16:00]} Kc6 {[%clk 0:07:36]} 45. Bd8 {[%clk 0:16:27]} Bd1
{[%clk 0:07:33]} 46. Kg3 {[%clk 0:16:51]} Kd5 {[%clk 0:07:42]} 47. Bb6
{[%clk 0:17:15]} Ke5 {[%clk 0:07:29]} 1/2-1/2

[Event "PMPJ 2022 - C13"]
[Site "Jastrzebia Gora"]
[Date "2022.11.12"]
[Round "4.8"]
[White "Prokopiuk, Jakub"]
[Black "Chomicki, Kornel"]
[Result "1/2-1/2"]
[BlackElo "1313"]
[WhiteElo "1651"]
[LiveChessVersion "1.4.4"]

1. e4 {[%clk 1:30:52]} e5 {[%clk 1:30:58]} 2. Nf3 {[%clk 1:31:16]} Nc6
{[%clk 1:31:26]} 3. Bc4 {[%clk 1:31:41]} Bc5 {[%clk 1:31:32]} 4. c3
{[%clk 1:32:05]} Nf6 {[%clk 1:31:47]} 5. d4 {[%clk 1:32:28]} exd4
{[%clk 1:32:09]} 6. b4 {[%clk 1:32:53]} Bb6 {[%clk 1:32:17]} 7. e5
{[%clk 1:33:12]} d5 {[%clk 1:31:59]} 8. exf6 {[%clk 1:33:14]} dxc4
{[%clk 1:32:07]} 9. Qe2+ {[%clk 1:33:33]} Be6 {[%clk 1:32:14]} 10. b5
{[%clk 1:33:06]} Na5 {[%clk 1:32:04]} 11. fxg7 {[%clk 1:32:44]} Rg8
{[%clk 1:31:11]} 12. cxd4 {[%clk 1:33:02]} Qd7 {[%clk 1:20:07]} 13. Nc3
{[%clk 1:16:54]} O-O-O {[%clk 1:05:12]} 14. Be3 {[%clk 0:48:33]} f6
{[%clk 0:49:38]} 15. O-O-O {[%clk 0:36:03]} Qxg7 {[%clk 0:24:11]} 16. Rhg1
{[%clk 0:35:17]} Qf7 {[%clk 0:21:04]} 17. Qc2 {[%clk 0:32:00]} Kb8
{[%clk 0:18:18]} 18. h3 {[%clk 0:27:21]} c6 {[%clk 0:13:52]} 19. Bf4+
{[%clk 0:25:04]} Ka8 {[%clk 0:13:57]} 20. bxc6 {[%clk 0:24:23]} Nxc6
{[%clk 0:14:19]} 21. a3 {[%clk 0:20:17]} Nxd4 {[%clk 0:13:02]} 22. Nxd4
{[%clk 0:19:57]} Rxd4 {[%clk 0:13:13]} 23. Rxd4 {[%clk 0:20:02]} Bxd4
{[%clk 0:13:37]} 24. Nb5 {[%clk 0:19:14]} Be5 25. Bxe5 {[%clk 0:15:36]} fxe5
{[%clk 0:13:50]} 26. Rd1 {[%clk 0:15:26]} a6 {[%clk 0:06:35]} 27. Nd6
{[%clk 0:14:56]} Qf4+ {[%clk 0:06:39]} 28. Kb1 {[%clk 0:14:39]} Rd8
{[%clk 0:05:53]} 29. Qb2 {[%clk 0:12:49]} b5 {[%clk 0:04:22]} 30. Qe2
{[%clk 0:11:37]} Bf5+ {[%clk 0:03:50]} 31. Ka2 {[%clk 0:11:09]} Bd3
{[%clk 0:04:09]} 32. Rxd3 {[%clk 0:06:56]} cxd3 {[%clk 0:04:27]} 33. Qxd3
{[%clk 0:07:08]} Qc4+ {[%clk 0:01:43]} 34. Qxc4 {[%clk 0:07:36]} bxc4
{[%clk 0:02:05]} 35. Nxc4 {[%clk 0:08:01]} Rf8 {[%clk 0:02:16]} 36. f3
{[%clk 0:08:11]} Rf5 {[%clk 0:02:32]} 37. Kb3 {[%clk 0:08:01]} Ka7
{[%clk 0:02:40]} 38. Kc3 {[%clk 0:08:16]} h5 {[%clk 0:02:29]} 39. Nd6
{[%clk 0:07:12]} Rg5 {[%clk 0:02:33]} 40. g4 {[%clk 0:07:18]} hxg4
{[%clk 0:02:49]} 41. hxg4 {[%clk 0:07:20]} Rg7 {[%clk 0:02:36]} 42. Nf5
{[%clk 0:04:53]} Rd7 {[%clk 0:02:11]} 43. g5 {[%clk 0:04:18]} Rf7
{[%clk 0:02:31]} 44. Nh4 {[%clk 0:04:35]} Kb6 {[%clk 0:02:00]} 45. g6
{[%clk 0:04:57]} Rg7 {[%clk 0:02:23]} 46. Kb4 {[%clk 0:04:59]} Kc6
{[%clk 0:01:50]} 47. Kc4 {[%clk 0:05:28]} Rg8 {[%clk 0:01:29]} 48. a4
{[%clk 0:05:01]} Kd6 {[%clk 0:01:28]} 49. Kd3 {[%clk 0:00:35]} Ke6
{[%clk 0:01:16]} 50. Ke4 {[%clk 0:00:52]} Kf6 {[%clk 0:00:53]} 51. Nf5
{[%clk 0:00:35]} Rxg6 {[%clk 0:01:12]} 52. Ne3 {[%clk 0:00:59]} Rg1
{[%clk 0:01:04]} 53. Nd5+ {[%clk 0:01:18]} 1/2-1/2

[Event "PMPJ 2022 - C13"]
[Site "Jastrzebia Gora"]
[Date "2022.11.12"]
[Round "4.9"]
[White "Rzap, Filip"]
[Black "Fil, Grzegorz"]
[Result "1/2-1/2"]
[BlackElo "1140"]
[WhiteElo "1386"]
[LiveChessVersion "1.4.4"]

1. d4 d5 2. c4 c6 3. Nc3 Nf6 {[%clk 1:30:48]} 4. Nf3 {[%clk 1:31:49]} e6
{[%clk 1:30:51]} 5. e3 {[%clk 1:32:11]} Nbd7 {[%clk 1:30:17]} 6. Qc2
{[%clk 1:32:11]} Bd6 {[%clk 1:27:05]} 7. b3 {[%clk 1:30:28]} O-O {[%clk 1:26:47]}
8. Bd3 {[%clk 1:30:31]} e5 {[%clk 1:20:08]} 9. dxe5 {[%clk 1:29:09]} Nxe5
{[%clk 1:16:12]} 10. Nxe5 {[%clk 1:38:08]} Bxe5 {[%clk 1:15:46]} 11. Bb2
{[%clk 1:25:41]} dxc4 {[%clk 1:11:53]} 12. Bxc4 {[%clk 1:23:05]} Re8
{[%clk 1:07:19]} 13. O-O {[%clk 1:20:17]} Be6 {[%clk 1:06:41]} 14. Bxe6
{[%clk 1:05:02]} Rxe6 {[%clk 1:07:05]} 15. Ne2 {[%clk 1:02:09]} Bxb2
{[%clk 1:04:35]} 16. Qxb2 {[%clk 1:02:32]} Rd6 {[%clk 1:04:29]} 17. Qc1
{[%clk 0:56:22]} Qa5 {[%clk 1:02:59]} 18. Nd4 {[%clk 0:49:24]} Rad8
{[%clk 1:01:09]} 19. Qc2 {[%clk 0:46:46]} Nd5 {[%clk 0:47:42]} 20. a3
{[%clk 0:43:07]} Qc3 {[%clk 0:47:41]} 21. Rfc1 {[%clk 0:37:32]} Qxc2
{[%clk 0:46:37]} 22. Rxc2 {[%clk 0:37:44]} Ne7 {[%clk 0:46:21]} 23. g3
{[%clk 0:35:42]} b6 {[%clk 0:45:45]} 24. b4 {[%clk 0:33:59]} Kf8 {[%clk 0:44:31]}
25. Rac1 {[%clk 0:30:35]} Rc8 {[%clk 0:43:39]} 26. Kg2 {[%clk 0:34:00]} Ke8
{[%clk 0:43:05]} 27. h4 {[%clk 0:22:56]} Kd7 {[%clk 0:43:11]} 28. a4
{[%clk 0:21:31]} Rd5 {[%clk 0:41:33]} 29. b5 {[%clk 0:16:29]} c5 {[%clk 1:47:35]}
30. Ne2 {[%clk 0:16:37]} Kc7 {[%clk 1:01:46]} 31. Nf4 {[%clk 0:16:30]} Rd6
{[%clk 0:41:33]} 32. Kf3 {[%clk 0:16:03]} Rcd8 33. g4 Nd5 34. Nxd5+ Rxd5 35. Rc4
R5d6 1/2-1/2

[Event "PMPJ 2022 - C13"]
[Site "Jastrzebia Gora"]
[Date "2022.11.12"]
[Round "4.10"]
[White "Glaz, Michal"]
[Black "Wiecek, Dominik"]
[Result "1/2-1/2"]
[BlackElo "1077"]
[WhiteElo "1365"]
[LiveChessVersion "1.4.4"]

1. e4 {[%clk 1:30:57]} e5 {[%clk 1:30:59]} 2. Nf3 {[%clk 1:31:22]} Nc6
{[%clk 1:31:24]} 3. d4 {[%clk 1:31:49]} exd4 {[%clk 1:31:20]} 4. Nxd4
{[%clk 1:32:15]} Bc5 {[%clk 1:32:07]} 5. Nb3 {[%clk 1:32:40]} Bb6
{[%clk 1:32:23]} 6. Nc3 {[%clk 1:33:05]} Qf6 {[%clk 1:31:46]} 7. Qe2
{[%clk 1:32:03]} Nge7 {[%clk 1:31:43]} 8. Be3 {[%clk 1:32:20]} d6
{[%clk 1:31:14]} 9. O-O-O {[%clk 1:31:57]} Be6 {[%clk 1:28:28]} 10. Kb1
{[%clk 1:27:40]} O-O-O {[%clk 1:15:40]} 11. Bxb6 {[%clk 1:21:23]} axb6
{[%clk 1:15:10]} 12. Qe1 {[%clk 1:18:51]} d5 {[%clk 1:05:39]} 13. exd5
{[%clk 1:11:14]} Nxd5 {[%clk 1:02:58]} 14. Nxd5 {[%clk 1:05:43]} Rxd5
{[%clk 0:57:46]} 15. Rxd5 {[%clk 1:02:22]} Bxd5 {[%clk 0:58:14]} 16. f3
{[%clk 0:58:53]} Qg6 {[%clk 0:55:06]} 17. Qg3 {[%clk 0:49:22]} Re8
{[%clk 0:48:26]} 18. Bd3 {[%clk 0:39:42]} Qxg3 {[%clk 0:47:30]} 19. hxg3
{[%clk 0:39:43]} Nb4 {[%clk 0:46:02]} 20. Bf5+ {[%clk 0:31:54]} Kb8
{[%clk 0:33:09]} 21. c3 {[%clk 0:31:45]} Nc6 {[%clk 0:31:45]} 22. Rxh7
{[%clk 0:19:35]} g6 {[%clk 0:30:28]} 23. Be4 {[%clk 0:14:44]} Bxe4+
{[%clk 0:30:28]} 24. fxe4 {[%clk 0:14:15]} Rxe4 {[%clk 0:30:41]} 25. Rxf7
{[%clk 0:14:36]} Rg4 {[%clk 0:30:58]} 26. Rf3 {[%clk 0:14:38]} Ne5
{[%clk 0:31:00]} 27. Re3 {[%clk 0:13:53]} Nc4 {[%clk 0:31:17]} 28. Rd3
{[%clk 0:13:24]} Ne5 {[%clk 0:31:38]} 29. Re3 {[%clk 0:02:21]} Nc4
{[%clk 0:31:54]} 30. Rd3 {[%clk 0:02:30]} Ne5 {[%clk 0:32:15]} 31. Re3
{[%clk 0:01:39]} Nc4 {[%clk 0:32:21]} 32. Rd3 {[%clk 0:02:08]} Ne5 1/2-1/2

[Event "PMPJ 2022 - C13"]
[Site "Jastrzebia Gora"]
[Date "2022.11.12"]
[Round "4.11"]
[White "Kryston, Aleksander"]
[Black "Nagly, Krzysztof"]
[Result "0-1"]
[BlackElo "1306"]
[WhiteElo "1323"]
[LiveChessVersion "1.4.4"]

1. d4 d5 2. c4 e6 3. Nc3 Nf6 4. cxd5 exd5 5. Bg5 Be7 6. e3 h6 7. Bh4 O-O 8. Bd3
c5 9. dxc5 Bxc5 10. Nge2 Be6 11. O-O Nc6 12. Rc1 Bb6 13. Nf4 g5 14. Nxe6 fxe6 15.
Bg3 {[%clk 0:55:40]} Qe7 {[%clk 1:18:30]} 16. Bb1 Rad8 17. Ne2 e5 18. a3 e4 19.
Ba2 Kg7 20. Nd4 {[%clk 0:33:18]} Nxd4 {[%clk 1:11:33]} 21. exd4 {[%clk 0:33:46]}
h5 22. Be5 Kg6 {[%clk 1:05:42]} 23. h3 {[%clk 0:28:21]} g4 {[%clk 1:05:08]} 24.
h4 {[%clk 0:26:35]} Ng8 {[%clk 1:02:53]} 25. Qd2 {[%clk 0:24:11]} Qxh4
{[%clk 1:02:04]} 26. Bc7 {[%clk 0:22:39]} Bxc7 {[%clk 0:51:14]} 27. Rxc7
{[%clk 0:23:07]} g3 {[%clk 0:51:10]} 28. fxg3 {[%clk 0:23:18]} Rxf1+
{[%clk 0:50:46]} 29. Kxf1 {[%clk 0:23:46]} Qh1+ {[%clk 0:50:37]} 30. Ke2
{[%clk 0:22:05]} Rf8 {[%clk 0:50:36]} 31. Rc1 {[%clk 0:16:02]} Qxg2+ 32. Kd1 Rf1+
{[%clk 0:50:24]} 33. Kc2 {[%clk 0:16:03]} Rf2 {[%clk 0:50:38]} 0-1

[Event "PMPJ 2022 - C13"]
[Site "Jastrzebia Gora"]
[Date "2022.11.12"]
[Round "4.12"]
[White "Krogulski, Maksymilian"]
[Black "Jasion, Wiktor"]
[Result "1-0"]
[BlackElo "1180"]
[WhiteElo "1515"]
[LiveChessVersion "1.4.4"]

1. e4 e5 2. Nf3 Nc6 3. d4 exd4 4. Nxd4 Bc5 5. Nxc6 Qf6 6. Qf3 Qxc6 7. Nc3 Ne7 8.
Bb5 Qg6 9. O-O O-O 10. Bd3 Nc6 11. Qg3 Nb4 12. Qxg6 fxg6 13. Be3 Bxe3 14. fxe3
Rxf1+ 15. Rxf1 Nxd3 16. cxd3 b6 17. Nd5 c6 {[%clk 1:21:52]} 18. Ne7+
{[%clk 1:35:01]} 1-0